Statistics for Countries with the Most Youth Olympics Medals

Click here to take the quiz!

General Stats

  • This quiz has been taken 41 times
  • The average score is 16 of 19

Answer Stats

# MedalsCountry% Correct
85United States
100%
46Great Britain
100%
199Russia
98%
98Japan
98%
177China
98%
72Australia
95%
77France
95%
88Italy
95%
95Germany
93%
73South Korea
90%
43Canada
90%
32Brazil
90%
38Argentina
88%
76Ukraine
78%
39Norway
78%
31Turkey
73%
38Austria
68%
66Hungary
56%
31Slovenia
24%

Score Distribution

Percentile by Number Answered

Percent of People with Each Score

Your Score History

You have not taken this quiz